| 000 | nam a22 7a 4500 | ||
|---|---|---|---|
| 999 |
_c233421 _d233421 |
||
| 005 | 20170307151602.0 | ||
| 008 | 170113b xxu||||| |||| 00| 0 eng d | ||
| 040 | _cc | ||
| 082 | _a515 | ||
| 100 | _aSwokowski, Earl W. | ||
| 245 |
_aCalculas / _cEarl W. Swokowski, Michael Olinick [et all] |
||
| 250 | _a6th ed. | ||
| 260 |
_aIslamabad : _bNational Book Foundation, _c2008.. |
||
| 300 |
_a(i-v) p. ; _c28 cm. |
||
| 942 |
_2ddc _cBK |
||